Les communes de la région de Bruxelles-Capitale sur une carte - Statistiques

Statistiques générales
  • Ce quiz a été pris 5 579 fois
  • Le résultat moyen est 11 sur 19
Réponses sur la Carte
Les réponses sont colorées sur une échelle allant du rouge au vert en fonction du pourcentage des utilisateurs qui les ont devinées à leur premier essai. Vous pouvez retrouver ces pourcentages ci-dessous.
 
Statistiques - réponses
Commune % Correct
Bruxelles
93%
Anderlecht
80%
Molenbeek-Saint-Jean
80%
Ixelles
74%
Schaerbeek
71%
Uccle
71%
Saint-Gilles
65%
Woluwe-Saint-Lambert
60%
Woluwe-Saint-Pierre
59%
Etterbeek
58%
Forest
56%
Jette
52%
Saint-Josse-ten-Noode
50%
Auderghem
49%
Evere
49%
Watermael-Boitsfort
45%
Berchem-Sainte-Agathe
43%
Ganshoren
39%
Koekelberg
39%
Aucun quiz correspondant
Distribution des résultats
% des personnes avec chaque résultat
Percentile par nombre de réponses
Votre historique - résultats
Vous n’avez pas pris ce quiz